000 00668nam a2200229Ia 4500
003 OSt
005 20220925202608.0
006 a|||||r|||| 00| 0
007 ta
008 220923b |||||||| |||| 00| 0 eng d
037 _cGeneral Book
040 _aRTL
_cRTL
_beng
041 _2eng
_aeng
082 _aX:9.2.N6, L0
100 _aGoyal R. C.
_9262774
245 0 _aIntroduction to industrial employment, discipline
260 _aDelhi
_bSultan Chand India
_c1970
300 _a170p. Appendix p.161-68,viii
_ccm.
650 _aLabour Economics-India
_9230171
942 _hX:9.2.N6, L0
_cGB
_2CC
999 _c543450
_d543450